Mathematical recreations, or, A collection of many problems extracted out of the ancient and modern philosophers as secrets and experiments : in arithmetick, geometry, cosmography, horologiography, astronomy, navigation, musick, opticks, architecture, statick, mechanicks, chymistry, water-works, fire-works & c. : not vulgarly manifest till now /

Bibliographic Details
Uniform Title:Récréation mathématique.
Format: Book
Language:English
Subjects:

MARC

Tag First Indicator Second Indicator Subfields
LEADER 00000cam a2200000Ia 4500
001 in00000895813
005 20160712161121.0
008 850808s1674 enka s 001 | eng d
035 |a (OCoLC)12361541 
040 |a EAK  |c EAK  |d UMI  |d m/c  |d UMI  |d WaOLN  |d UtOrBLW 
041 1 |a eng  |h fre  |h grc  |h lat 
090 |a Q157  |b .L48 1674 
130 0 |a Récréation mathématique.  |l English. 
245 1 0 |a Mathematical recreations, or, A collection of many problems extracted out of the ancient and modern philosophers as secrets and experiments :  |b in arithmetick, geometry, cosmography, horologiography, astronomy, navigation, musick, opticks, architecture, statick, mechanicks, chymistry, water-works, fire-works & c. : not vulgarly manifest till now /  |c written first in Greek and Latin ; lately compil'd in French by Henry Van Etten and now in English ; with the examinations and augmentations of divers modern mathematicians ; whereunto is added The description and use of the double horizontal dyal and the general horological ring / invented and written by William Oughtred. 
264 3 |a London :  |b Printed for William Leake and John Leake ...,  |c 1674. 
300 |a 34 unnumbered pages, 282, 19 pages :  |b illustrations 
500 |a Translation of Leurechon's Recreation mathematique. 
500 |a Henry Van Etten is pseud. of Jean Leurechon. 
500 |a Added engraved title page, poem on the frontispiece (added title page and book) precede primary title page. 
500 |a "The description and use of the double horizontal dyal" has separate title page and pagination. 
500 |a This item can be found at reels 1023:13 and 1465:30. 
500 |a Wing number O585 at reel position 1023:13 cancelled in Wing (2nd edition). 
500 |a Reproduction of originals in the University of Illinois (Urbana-Champaign Campus). Library and Huntington Library. 
500 |a Engraved added title page. 
500 |a "The description and use of the horizontal dyal ... invented and written by W.O." has special title page and separate paging. 
500 |a Henry Van Etten is a pseudonym for Jean Leurechon. 
500 |a Also listed as Wing L1791. 
500 |a Reproduction of original in the Huntington Library. 
510 4 |a Wing  |c L1791 
500 |a Electronic resource. 
650 0 |a Science  |v Problems, exercises, etc. 
650 0 |a Mathematics  |v Problems, exercises, etc. 
730 0 2 |a Description and use of the double horizontal dyal. 
740 0 |a Mathematical recreations. 
740 0 |a Collection of many problems extracted out of the ancient and modern philosophers. 
999 f f |s f74798c3-dbf8-30ee-ab43-32128f41b9de  |i 8478de0e-2e7e-398b-9b16-59dc39d13f34  |t 0 
952 f f |p default  |a Texas A&M University  |b College Station  |c Sterling C. Evans Library  |d Evans: Microforms (3rd floor)  |t 0  |e film B 3609 1023:13  |h Other scheme  |i unspecified -- unspecified 
998 f f |a film B 3609 1023:13  |t 0  |l Evans: Microforms (3rd floor)